000 00545nam a2200205Ia 4500
003 OSt
005 20230331095801.0
008 210423s2009 xx 000 0 und d
020 _a9788184880403
040 _cAL
041 _aeng
082 _a658.152 AVAV
100 _aAVADHANI (V A).
_980586
245 _aSecurity analysis and portfolio management.
260 _aMumbai
_bHimalaya Publishing House
_c2009
300 _aiv,584
_bPB
365 _b375
_cINR
906 _aanalysis ; management ; portfolio ; Security
942 _2ddc
_cBK
999 _c157681
_d157681